000
00313nam a22001457a 4500
003
SGT
020
_a
9788126519255
082
_b
COT
100
_a
COTTON F. ALBERT
245
_a
CHEMICAL APPLICATIONS OF GROUP THEORY
250
_a
3RD
260
_b
WILLEY INDIA
_c
2017
300
_a
461
942
_2
ddc
_c
BK
_0
6
999
_c
16407
_d
16407